00454nam a22001337a 4500003000500000038001800005082000800023100001600031245013000047264003300177650001700210700003600227856005700263NUST aNusrat Nadeem a200 aSana Hamyun aWhen Nature Speaks: A Mediated Moderation analysis of how Destination Anthropomorphism shapes Travel Intention/c Hamyun Sana aIslamabad:bNBS NUST.c2026. aMS-Marketing aSupervisor: Dr. Muhammad Kashif uhttp://10.250.8.41:8080/xmlui/handle/123456789/57407